Solat-solat sunat

Bibliographic Details
Main Author: Siti Barokah
Format: Book
Published: Selangor : PTS ONE , 2006
Series:Siri islam for kids
Subjects:

MARC

LEADER 00000cam a2200000 7i4500
001 0000005580
005 20151222.0
008 070808
020 |a 9833357083 
090 0 0 |a JF   |b REG MAL (7028) 
100 0 |a Siti Barokah 
245 1 0 |a Solat-solat sunat   |c Siti Barokah 
260 |a Selangor :   |b PTS ONE ,   |c 2006 
440 0 |a Siri islam for kids 
500 |a Children ages 7-9 years old (orange) 
650 0 |a Junior fiction   |x Malay   |x Languages 
650 0 |a Religion 
999 |a 0000002526   |b Book   |c Adult Collection   |e Cawangan Bandar Penawar 
999 |a 0000980721   |b Book   |c Children Collection   |e Cawangan Pontian 
999 |a 0000980722   |b Book   |c Children Collection   |e Perbadanan Perpustakaan Awam Johor 
999 |a 0000980723   |b Book   |c Children Collection   |e Cawangan Mersing 
999 |a 0000980724   |b Book   |c Children Collection   |e Cawangan Pontian 
999 |a 0000980725   |b Book   |c Children Collection   |e Cawangan Bukit Gambir 
999 |a 0001144434   |b Book   |c Children Collection   |e Cawangan Taman Universiti